Modern geometry - Methods and applications
Αποθηκεύτηκε σε:
| Κύριος συγγραφέας: | |
|---|---|
| Άλλοι συγγραφείς: | , , |
| Μορφή: | Βιβλίο |
| Γλώσσα: | English Portuguese |
| Σειρά: | Graduate texts in mathematics ;
93,104, 124 |
| Θέματα: | |
| Ετικέτες: |
Προσθήκη ετικέτας
Δεν υπάρχουν, Καταχωρήστε ετικέτα πρώτοι!
|
MARC
| LEADER | 00000cam a2200000 i 4500 | ||
|---|---|---|---|
| 001 | 1/32179 | ||
| 008 | 930824m19841990nyu| ||| |||| ||eng|| | ||
| 020 | |a 0387972714 | ||
| 020 | |a 0387961623 | ||
| 020 | |a 0387908722 | ||
| 035 | |a 1988 |l 10039030 | ||
| 035 | |a 1993 |c ΑΝΟΥΣΗΣ | ||
| 040 | |a GR-MY-UA |b gre |e aacr | ||
| 041 | 0 | |a eng | |
| 041 | 1 | |a eng |h por | |
| 082 | 0 | |a 516 |2 (19) | |
| 100 | 1 | |a Dubrovin, B. A. | |
| 245 | 1 | 0 | |a Modern geometry - Methods and applications / |c B.A. Dubrovin, A.T. Fomenko, S.P. Novikov ; translated by Robert G. Burns. |
| 300 | |a 3 τ. : |b εικ. ; |c 24 εκ. | ||
| 490 | 1 | |a (Graduate texts in mathematics |v ; 93, 104, 124) | |
| 500 | |a "Original Russian edition: Sovremennaja geometria: metody i priloζzenia. Moskva: Nauka, 1979"--T.p. verso | ||
| 500 | |a Τίτλος πρωτοτύπου: Souremennaja Geometria | ||
| 504 | |a Περιέχει βιβλιογραφικές αναφορές και ευρετήρια | ||
| 505 | 0 | |a Τ. 1. The geometry of surfaces, transformation groups, and fields -- τ. 2. The geometry and topology of manifolds -- τ. 3. Introduction to homology theory. | |
| 650 | 0 | 0 | |a Geometry. |
| 700 | 1 | |a Fomenko, A. T. | |
| 700 | 1 | |a Novikov, Sergei Petrovich, |e trl | |
| 700 | 1 | |a Burns, Robert G. | |
| 740 | 0 | 2 | |a The Geometry of Surfaces, Transformation Groups and Fields |
| 740 | 0 | 2 | |a The Geometry and Topology of Manifolds |
| 740 | 0 | 2 | |a Introduction to Homology Theory |
| 830 | 0 | |a Graduate texts in mathematics ; |v 93,104, 124 | |
| 852 | |a INST |b SAMOS |e 19930824 |h 516 DUB |p 005300001238 |q 005300046222 |t BK |y 0 |z v.1 | ||
| 852 | |a INST |b SAMOS |e 19941103 |h 516 DUB |p 005300003642 |q 005300003642 |t BK |y 0 |z v.3 | ||
| 852 | |a INST |b SAMOS |e 19930824 |h 516 DUB |p 005300006781 |q 005300006781 |t BK |y 0 |z v.2 | ||
| 852 | |a INST |b SAMOS |e 19930824 |h 516 DUB |p 005300001238 |q 005300046222 |t BK |v v.1: |y 0 |z v.1 | ||
| 852 | |a INST |b SAMOS |e 19941103 |h 516 DUB |p 005300003642 |q 005300003642 |t BK |v v.3: |y 0 |z v.3 | ||
| 852 | |a INST |b SAMOS |e 19930824 |h 516 DUB |p 005300006781 |q 005300006781 |t BK |v v.2: |y 0 |z v.2 | ||
| 853 | |a INST |b SAMOS |h 516 DUB | ||
| 909 | |a Σ |b 025205 | ||
| 909 | |a Σ |b 009313 | ||
| 909 | |a Σ |b 009312 | ||